Online
Catalog

El 5 de julio en el Salón Elíptico : (Record no. 6305)

MARC details
000 -CABECERA
campo de control de longitud fija 00527cam a2200157 a 4500
001 - NÚMERO DE CONTROL
campo de control 000006514
005 - FECHA Y HORA DE LA ÚLTIMA TRANSACCIÓN
campo de control 20200929153938.0
008 - DATOS DE LONGITUD FIJA--INFORMACIÓN GENERAL
campo de control de longitud fija 850703s1983 ve 000 0 spa
040 ## - FUENTE DE LA CATALOGACIÓN
Centro catalogador/agencia de origen DO-SdBNP
Lengua de catalogación spa
Centro/agencia transcriptor BNPHU
082 ## - NÚMERO DE LA CLASIFICACIÓN DECIMAL DEWEY
Número de clasificación xxxx
Número de documento/Ítem xxxx
100 1# - ENTRADA PRINCIPAL--NOMBRE DE PERSONA
Nombre de persona Herrera Campins, Luis
9 (RLIN) 18065
245 13 - MENCIÓN DE TÍTULO
Título El 5 de julio en el Salón Elíptico :
Resto del título años 1979-1983 /
Mención de responsabilidad, etc. Luis Herrera Campins.
246 10 - FORMA VARIANTE DE TÍTULO
Título propio/Titulo breve El cinco de julio en el Salon Elíptico.
260 ## - PUBLICACIÓN, DISTRIBUCIÓN, ETC.
Lugar de publicación, distribución, etc. Caracas, Venezuela :
Nombre del editor, distribuidor, etc. Presidencia de la República,
Fecha de publicación, distribución, etc. 1983.
300 ## - DESCRIPCIÓN FÍSICA
Extensión 83 p. ;
Dimensiones 18 cm.
Holdings
Estado de retiro Estado de pérdida Restricciones de uso No para préstamo Código de colección Localización permanente Ubicación/localización actual Ubicación en estantería Fecha de adquisición Número de inventario Total de préstamos Signatura topográfica completa Código de barras Fecha visto por última vez Precio válido a partir de Tipo de ítem Koha
      Excluido de préstamo Monografías: Libros y Folletos General General Depósito 31.08.2009 LF1   xxxx xxxx 6514-10 25.06.2020 25.06.2020 No se presta

Powered by Koha